Machupicchu : (Record no. 2386)

000 -CABECERA
fixed length control field 00785nam a22002057a 4500
003 - IDENTIFICADOR DEL NÚMERO DE CONTROL
control field AR-CdUCM
008 - DATOS DE LONGITUD FIJA--INFORMACIÓN GENERAL
fixed length control field 190304b ||||| |||| 00| 0 spa d
040 ## - FUENTE DE LA CATALOGACIÓN
Agencia/entidad que catalogó originalmente la obra MUNICIPALIDAD PROVINCIAL DEL CUSCO
Entidad que transcribió la catalogación BIBLIOTECA MUNICIPAL DEL CUSCO
082 ## - NÚMERO DE LA CLASIFICACIÓN DECIMAL DEWEY
No. de Clasificación C / 985.61 /
Notacion interna CH43
100 ## - ENTRADA PRINCIPAL--NOMBRE DE PERSONA
Nombre Personal Huarcaya Chevarria, Efrain
245 ## - MENCIÓN DE TÍTULO
Título Machupicchu :
Resto del título Devenir Historico y Cultural /
260 ## - PUBLICACIÓN, DISTRIBUCIÓN, ETC.
Lugar de publicación, distribución, etc. Cusco :
Nombre de la editorial, distribuidor, etc. Universitaria, UNSAAC ,
Fecha de publicación, distribución, etc. 1992.
300 ## - DESCRIPCIÓN FÍSICA
Nº de Páginas Extensión 250 páginas ;
Dimensiones 21.5 cm.
505 ## - NOTA DE CONTENIDO CON FORMATO
Nota de contenido formateada Vilcabamba - El valle de Urubamba -- Documentos del Siglo XVI -- El urbanismo en Machupicchu -- Ollantaytambo -- Santuario Historico de Machupicchu...
650 ## - PUNTO DE ACCESO ADICIONAL DE MATERIA--TÉRMINO DE MATERIA
Descriptor Urbanismo Incaico
9 (RLIN) 8572
650 ## - PUNTO DE ACCESO ADICIONAL DE MATERIA--TÉRMINO DE MATERIA
Descriptor Machupicchu
9 (RLIN) 1751
650 ## - PUNTO DE ACCESO ADICIONAL DE MATERIA--TÉRMINO DE MATERIA
Descriptor Arquitectura Incaica
9 (RLIN) 8573
942 ## - ELEMENTOS DE PUNTO DE ACCESO ADICIONAL (KOHA)
Fuente de clasificación
Tipo de item Libros-BMC
945 ## - PROCESAMIENTO DE INFORMACIÓN LOCAL (OCLC)
Catalogador rtm
Holdings
Estado de retiro (separado) Fuente de clasificación o esquema de estanterías Estado dañado Ubicación Sala donde se ubica Nombre de la colección Fecha de adquisición o compra Costo, precio normal en soles Signatura topográfica Código de Barras Última vez visto (Koha) Tipo de ítem (Koha)
No     Sala Cusco Antiguo Sala Cusco Antiguo Book Cart 2019-03-28 45.00 985.61 / CH43M SCA0000429 2019-03-28 Libros-BMC
No     Sala Humanidades Sala Humanidades Book Cart 2019-03-04 45.00 985.61 / CH43M / e.2 SH0000002720 2019-03-04 Libros-BMC
No     Sala Humanidades Sala Humanidades Book Cart 2019-04-10 45.00 985.61 / CH43M SH0000010427 2019-04-10 Libros-BMC

Powered by Koha